000
00187 a2200097 4500
020
_a
9780516080741
041
_a
eng
100
_a
Thomson, Ruth
245
_a
RAinforest indians
942
_c
BK
999
_c
9620
_d
9620